| 000 | 00835nam a22002537a 4500 | ||
|---|---|---|---|
| 001 | 00077 | ||
| 003 | DO-SdBNP | ||
| 005 | 20180122111926.0 | ||
| 007 | 00076 | ||
| 008 | 160310b 1986 sp ||||| |||| 00| 0 spa d | ||
| 020 | _a8486168295 | ||
| 040 |
_aBPMSU _bspa _cBPMSU |
||
| 092 |
_axxxxxxxx _bxxxxxxxx |
||
| 100 | 1 | 0 | _aGermanaud, Marie-Claire |
| 245 | 1 | 0 |
_aCrear y animar una biblioteca : _ben el medio rural, en las pequeñas poblaciones, en el hospital y en la empresa / _cMarie-Claire Germanaud, Georgette Rappaport |
| 260 |
_aMadrid : _bFundación Germán Sánchez Ruipérez. _c1986. |
||
| 300 |
_a198 p. : _bil., _c21 cm. |
||
| 490 | 0 | 0 | _aBiblioteca del libro |
| 700 | 1 | 0 | _aRappaport, Georgette |
| 830 | 1 | 0 | _aBibliotea del libro |
| 942 |
_2ddc _cBK |
||
| 945 | _aInventariado extranjero / 2018 VM | ||
| 956 | _aBrenda Tavárez | ||
| 999 |
_c9174 _d9174 |
||